000 00550cam a2200205ua 4500
001 1000
005 20260515113246.0
008 110426n ii |||gr||||Z||||||eng
020 _a81-202-0160-4
040 _cMAIN
082 _a320.9043044
245 1 _aPolitical India 1935-42 :
_bAnatomy of indian politics /
_cby Ramji Lal
250 _a1st.
260 _aDelhi:
_bAjanta publications,986.
300 _ax, 307p.:
_c20cm.
653 _aPolitical science
653 _aPolitical india 1935-42
700 _aLal, Ramji.,
_eAuthor.
942 _cBK
999 _c919
_d919